Wszyscy Zawodnicy Juventusu - Statystyki

Ogólne statystyki
  • Ten quiz został rozwiązany 67 razy
  • Średni wynik to 12 z 21
Statystyki odpowiedzi
Pozycja Piłkarz % Poprawnych
BR Szczęsny
100%
ŚO Bonucci
84%
LN Ronaldo
84%
CN Dybala
83%
BR Buffon
81%
ŚO Chiellini
77%
PN Cuadrado
69%
LO Sandro
66%
ŚP Rabiot
58%
N Higuain
56%
PO Danilo
55%
ŚO de Ligt
53%
ŚO Rugani
47%
ŚP Arthur
39%
PO De Sciglio
39%
ŚP Khedira
39%
ŚP Bentancur
38%
ŚO Demiral
38%
PN Costa
36%
ŚP Ramsey
36%
BR Pinsoglio
30%
Nie znaleziono quizów pasujących do podanych kryteriów
Rozkład punktacji
Procent ludzi z każdym wynikiem
Percentyl według liczby udzielonych odpowiedzi
Twoja historia wyników
Nie rozwiązałeś tego quizu